| 000 | 00384nam a22001337a 4500 | ||
|---|---|---|---|
| 008 | 150522b xxu||||| |||| 00| 0 eng d | ||
| 020 | _a8178087901 | ||
| 082 | _a005.8 | ||
| 100 | _aKaufman, Charlie & Perlman,Radia & Speciner,Mike | ||
| 245 | _aNetwork Security Private communication in a Public world | ||
| 250 | _a 2nd ed | ||
| 260 |
_aIndia _bPerson Education _c2002 |
||
| 942 | _cBK | ||
| 999 |
_c23133 _d23133 |
||